Enviromental polluciton control engineering. (Record no. 7232)

MARC details
000 -LEADER
fixed length control field 00640cam a22002172 4500
001 - CONTROL NUMBER
control field 0000006223
005 - DATE AND TIME OF LATEST TRANSACTION
control field 20151217152014.0
008 - FIXED-LENGTH DATA ELEMENTS--GENERAL INFORMATION
fixed length control field 070926s xx 000 0 eng d
020 ## - INTERNATIONAL STANDARD BOOK NUMBER
International Standard Book Number 812241835X :
Terms of availability KES 600
040 ## - CATALOGING SOURCE
Original cataloging agency KABU
Transcribing agency KABU
100 1# - MAIN ENTRY--PERSONAL NAME
Personal name Rao, C. S.
-- 0000157625
245 10 - TITLE STATEMENT
Title Enviromental polluciton control engineering.
250 ## - EDITION STATEMENT
Edition statement rev. 2nd ed.
260 ## - PUBLICATION, DISTRIBUTION, ETC. (IMPRINT)
Place of publication, distribution, etc. New Delhi :
Name of publisher, distributor, etc. New Age Int.,
Date of publication, distribution, etc. 2006.
300 ## - PHYSICAL DESCRIPTION
Extent xiv, 424 p.
650 #0 - SUBJECT ADDED ENTRY--TOPICAL TERM
Topical term or geographic name as entry element Pollution.
-- 0000156202
908 ## - PUT COMMAND PARAMETER (RLIN)
Put command parameter 070926
950 ## - LOCAL HOLDINGS (RLIN)
-- 1
Holdings
Withdrawn status Lost status Source of classification or shelving scheme Not for loan Home library Current library Date acquired Total Checkouts Full call number Barcode Date last seen Price effective from Koha item type
    Library of Congress Classification   Kabarak, Main Campus Kabarak, Main Campus 17/12/2015   TD191.5 .R36 2006 009860 17/12/2015 17/12/2015 General Collection
    Library of Congress Classification   Kabarak, Main Campus Kabarak, Main Campus 17/12/2015   TD191.5 .R36 2006 009861 17/12/2015 17/12/2015 General Collection
Designed with assistance from East African Informatics Ltd